000
00329nam a22001457a 4500
008
210429b ||||| |||| 00| 0 eng d
020
_a
3042547495729
041
_a
eng
080
_a
574
082
_a
574
100
_a
9
101
_a
MJE
245
_a
Planting Green Roofs and Living Walls
_c
Nigel Dunnett
942
_2
udc
_c
BK
999
_c
57016
_d
57016